La catharsis tragique d'Aristote

Salvato in:
Dettagli Bibliografici
Autore principale: Nicev, Alexander
Natura: Libro
Lingua:Undetermined
Pubblicazione: Sofía, Bulgaria Universite de Sofía 1982
Soggetti:
Tags: Aggiungi Tag
Nessun Tag, puoi essere il primo ad aggiungerne!!

MARC

LEADER 00000nam a2200000Ia 4500
008 170316s9999 xx 000 0 und d
090 |a 100 N-3c 
100 |a Nicev, Alexander 
245 |a La catharsis tragique d'Aristote 
260 |a Sofía, Bulgaria 
260 |b Universite de Sofía 
260 |c 1982 
300 |a 175 páginas 
650 |a FILOSOFÍA 
650 |a ARISTÓTELES 
999 |c 17147  |d 17147 
040 |a cru BVZT 
942 |c 15 D  |h 100 N-3c  |2 z